1826 1300 1788 1853 1810 1007 1005 1668 1819 1974 1294 1710 1940 1317 1133 1673 1516 1301 1438 1008 1582 1785 1064 1570 1942 1031 1814 1316 1720 1488 1859 1813 1134 1678 1268 1820 1702 1437 1056 1650 1551 1233 1423 1117 1182 1997 1767 1415 1923 1474 1779 1041 1898 1247 1486 1952 1579 1401 1734 1144 1123 1957 1950 1791 1464 1063 1559 1724 1584 1411 1869 1107 1548 1449 1027 1198 1734 1040 1526 1555 1097 1233 1724 1112 1929 1378 1888 1244 1995 1718 1287 1173 1070 1705 1046 1587 1879 1799 1777 BCNSPRNW ULIB Ver.6.0+V

เปลี่ยนเป็นภาษาไทย

Change to English
 แสดงรายละเอียดบรรณานุกรม
  กลับหน้าหลัก

Brief Record : Get Marc (ISO 2709) : E-mail record : QR code < ปิดหน้าต่าง
LEADER : 00000nam 2200000uu 4500
001    13399113060
003     ULIB
008    110922s2551||||th 000 0 tha d
020    9789741374243
050  4 PE1128^bป328F ล.1 2551
100 0  ประพิศ พงษ์พานิช
245 10 Fun & games in learning medical English book 1 :^bdoctors,nurses, medical students, everyone involved in health care: แบบฝึกหัดภาษาอังกฤษสำหรับบุคลากรทางการแพทย์ /^c[ประพิศ พงษ์พานิช, บ๊อบ ก๊อดสัน]
250    พิมพ์ครั้งที่ 1
260    กรุงเทพฯ :^bเจ้าพระยาระบบการพิมพ์,^c2551
300    123 หน้า :^bภาพประกอบ ;^c22 ซม.
650  4 ภาษาอังกฤษ^xบทสนทนาและวลี (สำหรับบุคลากรทางการแพทย์)
650  4 ภาษาอังกฤษ^xการใช้ภาษา^xแบบฝึกหัด
653    Open Your Eyes Project
700 1  ก๊อดสัน, บ๊อบ
945    ^p150^l0^i024207
945    ^p150^l0^i024208
995    ทศพร
999 ^a ทศพร
รายการนี้ยังไม่มีแท็ก
คุณยังไม่ได้ล็อกอิน คุณสามารถมีกิจกรรมร่วมกับเว็บไซต์ได้ แต่ต้องล็อกอินก่อน ::
  ล็อกอิน

รายการสื่อสารสนเทศ

ลำดับที่ ประเภท เลขเรียก/บาร์โค้ด สถานที่ สถานะ
- ไม่พบข้อมูล -

รายการใกล้เคียง
    ผู้แต่ง [ประพิศ พงษ์พานิช]

BibComment


ยังไม่เคยถูกคอมเมนท์

คอมเมนท์ทรัพยากรรายการนี้
  คอมเมนท์: Fun games in lea..


 Copyright 2026. Bcnsprnw @Library